00325nam a2200121Ia 4500008004100000041000800041082001400049100001500063245004400078260003900122300003000161365001200191240624s9999 xx 000 0 und d aeng a332.1 BAN aBANKS ERIK aSEE NO EVIL UNCOVERING THE TRUTH BEHIND c2011aNew YorkbPalgrave Macmillan avi, : 239 : p. : cm. ; 24 cGBPb50